000 00737nam a2200193 a 4500
008 120416s1962 ||||||||||||||||| || u
050 _aQD 461 Pul
100 _aPullman, Bernard, 1919-
245 1 4 _aThe Modern theory of molecular structure
_cTranslated by David Antin
260 _aNew York
_bDover Publications
_c1962
300 _avii, 87p. : ill.
350 _a0.00
500 _aTranslation of La structure moleìculaire.
650 0 _aCHEMISTRY--HANDBOOKS, MANUALS, ETC
650 _aMOLECULAR STRUCTURE
650 _aTEXTBOOKS
650 0 _aCHEMISTRY, PHYSICAL AND THEORETICAL
995 _D0.00
_FCBU-MAIN LIBRARY (Kitwe)
_H1
_I1.50
_UDAMAGED
_ZMain Library Open Access Collection
999 _c51530
_d51530